| 000 | 00504cam a2200193ua 4500 | ||
|---|---|---|---|
| 020 |
_a81-224-0858-3 _c995.00 |
||
| 041 |
_aeng _h |
||
| 082 |
_a530.4175 _bGOS/TH |
||
| 100 | _aGoswami, A . | ||
| 245 |
_aThin film fundamentals / _cA.Goswami. _hTextual Documents |
||
| 260 |
_aNew Delhi : _bNew Age International Ltd , _c1996. |
||
| 300 | _a548 ; . | ||
| 365 | _a995.00 | ||
| 500 | _a20317 CSS , 19988 Reference | ||
| 504 | _a | ||
| 942 | _cBK | ||
| 999 |
_c7503 _d7503 |
||